00975nam a2200265 a 450000100060000000300080000600500170001400800410003102000380007203500190011004000230012904100080015208200280016010000300018824500540021826000380027230000270031050400510033765100580038865100580044665100520050494200120055699900170056895201240058558110BD-RjUL20211209080604.0900105s1990 cou b 000 0 eng  a0813379601 (alk. paper) :c$27.50 a(BD-RjUL)58234 aDLCcDLCdDLCbeng aeng00a327.73054223bGAU 19901 aGanguly, Shivaji.917260510aU.S. policy toward South Asia /cShivaji Ganguly. aBoulder :bWestview Press,c1990. axiii, 251 p. ;c23 cm. aIncludes bibliographical references and index. 0aSouth AsiaxForeign relationszUnited States.9172606 0aUnited StatesxForeign relationszSouth Asia.9172607 0aUnited StatesxForeign relationsy1945-9172608 2ddccBK c58110d58110 00102ddc40718NFICaRUCLbRUCLcReadingd1994-04-05l0o327.73054 GAU 1990r2016-12-15 00:00:00tC-1w2016-12-15yBK